000 00447cam a22001217a 4500
008 180718b1966 xxu||||| |||| 00| 0 eng d
082 _aXAx42 Un3
245 _aOur older homes : a call for action
_cby Ministry of Housing and Local Government, United Kingdom
260 _aLondon
_bHer Majesty' s Stationery Office
_c1966
300 _a57+p.
650 _aHousing --Great Britain.
700 _aUnited Kingdom. Ministry of Housing and Local Government
999 _c415156
_d415156